The use of agrobiodiversity by indigenous and traditional agricultural communities in: (Registro nro. 17601)

Detalles MARC
000 -CABECERA
Campo de control 01261nam a22002417a 4500
005 - FECHA Y HORA DE LA ULTIMA TRANSACCION
Campo de control 20150721124256.0
008 - ELEMENTOS DE LONGITUD FIJA—INFORMACION GENERAL
Campo de control 150721b2009 it |||||r|||| 10| 0 spa d
040 ## - FUENTE DE CATALOGACIÓN
Agencia catalogadora original CO-BoIAVH
Agencia transcriptora CO-BoIAVH
041 0# - IDIOMA
Código de idioma para texto/pista de sonido o título separado Inglés
044 ## - PAÍS DE PUBLICACIÓN
País de publicación Italia
082 #3 - NUMERO DE CLASIFICACION DECIMAL DEWEY
Número de clasificación 631.58
Número del ítem M63u
111 2# - ASIENTO PRINCIPAL--NOMBRE DE REUNION
Nombre de reunión o de jurisdicción como elemento de entrada Workshop help in Chaing Mai
Lugar de la reunión Tailandia
Fecha de la reunión 2009
9 (RLIN) 35942
245 1# - MENCION DE TITULO
Título The use of agrobiodiversity by indigenous and traditional agricultural communities in:
Parte restante del título adapting to climate change
260 #3 - PUBLICACION, DISTRIBUCION, ETC. (PIE DE IMPRENTA)
Lugar de publicación, distribución, etc. Italia:
Nombre del editor, distribuidor, etc. Bioversity International,
Fecha de publicación, distribución, etc. 2009.
300 ## - DESCRIPCION FISICA
Extensión 31 p.
Otros detalles físicos fotografías, ilustraciones, color.
Dimensiones 21 cm.
504 ## - NOTA DE BIBLIOGRAFIA, ETC.
Nota de bibliografía Incluye referencias bibliográficas (Pág. 29-31).
505 ## - NOTA DE CONTENIDO
Nota de contenido Intrducción.<br/>Entendimiento de la adaptación.<br/>Estrategias de adaptación.<br/>Un en enfoque de todo el sistema.<br/>Dimensión comunitaria de la adaptación.<br/>El rol de la mujer en la adaptación.<br/>Integrado la adaptación y los medios de vida con la protección de los derechos de los pueblos indígenas.<br/>Conclusiones.
650 #4 - ASIENTO SECUNDARIO DE MATERIA - TERMINO TEMATICO
Término temático o nombre geográfico como elemento de entrada Agrobiodiversidad
Subdivisión general Comunidades rurales
9 (RLIN) 35943
650 #4 - ASIENTO SECUNDARIO DE MATERIA - TERMINO TEMATICO
Término temático o nombre geográfico como elemento de entrada Adaptación al cambio climático
Subdivisión general Comunidades rurales
9 (RLIN) 35944
650 #4 - ASIENTO SECUNDARIO DE MATERIA - TERMINO TEMATICO
Término temático o nombre geográfico como elemento de entrada Cambio climático
Subdivisión general Comunidades rurales
9 (RLIN) 35945
710 1# - ASIENTO SECUNDARIO - NOMBRE CORPORATIVO
Nombre corporativo o de jurisdicción como elemento de entrada Platform for agrobiodiversity research
9 (RLIN) 35946
942 ## - ELEMENTOS ADICIONALES (KOHA)
Sistema de clasificación Dewey Decimal Classification
Tipo de ítem Folleto
Existencias
Withdrawn status Lost status Sistema de Clasificación Damaged status No para préstamo Colección Inventariado Ubicación Permanente Ubicación actual Fecha de adquisición Total Checkouts Número topográfico Inventario / Código de Barras Date last seen Ejemplar Price effective from Forma de adquisición Tipo de material
    Dewey Decimal Classification     General Inventariado 2017 Bogotá Bogotá 21/07/2015   LB-631.58 M63u 042054 21/07/2015 Ej. 1 21/07/2015   Folleto